[Event "Torneo Internazionale Tungsram"]
[Site "Budapest HUN"]
[Date "1975.03.??"]
[Round "?"]
[White "Espig, Lutz"]
[Black "Mariotti, Sergio"]
[Result "1/2-1/2"]
[WhiteElo "2490"]
[BlackElo "2495"]
[PlyCount "79"]
[EventDate "1975.03.18"]

1. e4 Nf6 2. e5 Nd5 3. d4 d6 4. c4 Nb6 5. exd6 cxd6 6. Nc3 g6 7. h3 Bg7 8. Nf3
O-O 9. Be3 d5 10. c5 Nc4 11. Bxc4 dxc4 12. O-O Bf5 13. Qa4 Bd3 14. Rfd1 Nc6 15.
d5 Nb8 16. Bd4 Nd7 17. Bxg7 Kxg7 18. c6 bxc6 19. dxc6 Nc5 20. Qa3 Qd6 21. b4
Ne6 22. Qb2 Kg8 23. b5 Nf4 24. a4 Qf6 25. Re1 Ne2+ 26. Rxe2 Bxe2 27. Nh2 Rfd8
28. Rc1 Bd3 29. Ng4 Qg5 30. Ne3 Bf5 31. Kh1 Rd3 32. Qb4 Bxh3 33. gxh3 Rxe3 34.
fxe3 Qxe3 35. Qb2 Rd8 36. c7 Qxh3+ 37. Qh2 Qf3+ 38. Qg2 Qh5+ 39. Qh2 Qf3+ 40.
Qg2 1/2-1/2

[Event "Torneo Internazionale Tungsram"]
[Site "Budapest HUN"]
[Date "1975.03.??"]
[Round "?"]
[White "Mariotti, Sergio"]
[Black "Poutiainen, Pertti"]
[Result "0-1"]
[WhiteElo "2495"]
[BlackElo "2395"]
[PlyCount "128"]
[EventDate "1975.03.18"]

1. d4 g6 2. e4 Bg7 3. c3 d6 4. f4 Nf6 5. e5 dxe5 6. fxe5 Nd5 7. Nf3 O-O 8. Bc4
Nb6 9. Bb3 c5 10. dxc5 Qxd1+ 11. Kxd1 N6d7 12. e6 Nxc5 13. exf7+ Kh8 14. Be3
Nxb3 15. axb3 Nc6 16. b4 Bg4 17. Nbd2 Ne5 18. h3 Bxf3+ 19. Nxf3 Nxf3 20. gxf3
a6 21. Ke2 Rxf7 22. Rad1 e5 23. Rd5 Raf8 24. Bc5 Re8 25. Rhd1 h5 26. Rd8 Rxd8
27. Rxd8+ Kh7 28. Be3 Bh6 29. Rd5 Bf4 30. b5 axb5 31. Rxb5 Kg7 32. Rb6 Rd7 33.
c4 Kh6 34. Bxf4+ exf4 35. h4 Kg7 36. c5 Kf7 37. b4 Kg7 38. Re6 Kf7 39. Re4 g5
40. hxg5 Kg6 41. Rxf4 Kxg5 42. Rc4 h4 43. b5 Rc7 44. c6 bxc6 45. bxc6 Kf5 46.
Kf2 Ke5 47. Kg2 Kd5 48. Rc1 Kd4 49. Rd1+ Ke5 50. Re1+ Kd5 51. Rc1 Kd4 52. Kh3
Ke3 53. Kg4 Rc8 54. Rc3+ Kd4 55. Rc2 Ke3 56. c7 h3 57. f4 Ke4 58. Re2+ Kd3 59.
Rh2 Ke4 60. Re2+ Kd3 61. Re1 h2 62. f5 Rxc7 63. Kg5 Rg7+ 64. Kf4 Rg1 0-1

[Event "Torneo Internazionale Tungsram"]
[Site "Budapest HUN"]
[Date "1975.03.??"]
[Round "?"]
[White "Portisch, Lajos"]
[Black "Mariotti, Sergio"]
[Result "1-0"]
[WhiteElo "2635"]
[BlackElo "2495"]
[PlyCount "81"]
[EventDate "1975.03.18"]

1. d4 d5 2. c4 Nc6 3. Nf3 Bg4 4. Qa4 Bxf3 5. exf3 dxc4 6. Bxc4 e6 7. Nc3 Qxd4
8. O-O Bd6 9. Rd1 Qe5 10. Ba6 Qxh2+ 11. Kf1 Nge7 12. Bxb7 O-O 13. Bxc6 Rab8 14.
Bb5 Qh1+ 15. Ke2 Qxg2 16. Be3 a6 17. Qxa6 Nf5 18. Ne4 Bh2 19. Qc6 Nxe3 20. Kxe3
f5 21. Nc3 e5 22. Kd3 Qxf2 23. Qd5+ Kh8 24. Rd2 Qh4 25. Kc2 Bf4 26. Rg2 Be3 27.
Qc4 e4 28. Qe2 exf3 29. Qxf3 Bd4 30. Bc6 Rb6 31. Rc1 g5 32. Kb1 g4 33. Qd3 Bg7
34. Ba4 f4 35. Qe4 Qh3 36. Bb3 Rg6 37. Rgg1 Qh4 38. Rh1 Qf6 39. Bc2 Bh6 40. Qb4
Rgg8 41. Nd5 1-0